000 00302nam a2200133Ia 4500
005 20251222142032.0
008 251222s9999||||xx |||||||||||||| ||spa||
082 _a838.92/H48L/1955
100 _aHesse, Hermann
245 0 _aEl Lobo Estepario
250 _a2a.ed.
264 _bAlianza
942 _cLIB
999 _c11000
_d11000